| 000 | 00377nam a22001211i 4500 | ||
|---|---|---|---|
| 001 | 10169 | ||
| 090 | _a10169 | ||
| 100 | _a20170304u u u0frey50 ba | ||
| 200 | 1 |
_fTracey West _aPokémon-O Segredo dos Pokémon Rosa |
|
| 215 |
_cx _d'11 cm' |
||
| 700 | 1 |
_aWest _bTracey _4070 |
|
| 996 |
_f0011111 _m00000000 _n00000000 _aBMVA _b1 _vViana do Alentejo _xLiteratura Juvenil _y2 _eLivro _10 _31 |
||
| 990 | _cLIVROS | ||